| 000 | 01472nam a2200373Ia 4500 | ||
|---|---|---|---|
| 001 | ebr10502100 | ||
| 003 | CaPaEBR | ||
| 006 | m u | ||
| 007 | cr cn||||||||| | ||
| 008 | 110203s2011 maua sb 001 0 eng d | ||
| 010 | _z 2011004966 | ||
| 020 | _z9780262016155 | ||
| 020 | _z026201615X | ||
| 040 |
_aCaPaEBR _cCaPaEBR |
||
| 035 | _a(OCoLC)756501434 | ||
| 050 | 1 | 4 |
_aHM1106 _b.I42 2011eb |
| 082 | 0 | 4 |
_a303.3/2 _222 |
| 245 | 0 | 0 |
_aI'll have what she's having _h[electronic resource] : _bmapping social behavior / _cAlex Bentley, Mark Earls, and Michael J. O'Brien ; foreword by John Maeda. |
| 260 |
_aCambridge, MA : _bMIT Press, _cc2011. |
||
| 300 |
_axiii, 146 p. : _bill. |
||
| 490 | 1 | _aSimplicity: design, technology, business, life | |
| 504 | _aIncludes bibliographical references and index. | ||
| 533 |
_aElectronic reproduction. _bPalo Alto, Calif. : _cebrary, _d2011. _nAvailable via World Wide Web. _nAccess may be limited to ebrary affiliated libraries. |
||
| 650 | 0 | _aSocial learning. | |
| 650 | 0 | _aSocial interaction. | |
| 650 | 0 | _aSocial psychology. | |
| 655 | 7 |
_aElectronic books. _2local |
|
| 700 | 1 |
_aBentley, R. Alexander, _d1970- |
|
| 700 | 1 | _aEarls, Mark. | |
| 700 | 1 |
_aO'Brien, Michael J. _q(Michael John), _d1950- |
|
| 710 | 2 | _aebrary, Inc. | |
| 830 | 0 | _aSimplicity (Cambridge, Mass.) | |
| 856 | 4 | 0 |
_uhttp://site.ebrary.com/lib/rucke/Doc?id=10502100 _zAn electronic book accessible through the World Wide Web; click to view |
| 999 |
_c131865 _d131865 |
||